Ally versus ally : America, Europe, and the Siberian pipeline crisis /

Bibliographic Details
Main Author: Blinken, Antony J.
Format: Book
Language:English
Published: New York : Praeger, 1987.
Subjects:

MARC

Tag First Indicator Second Indicator Subfields
LEADER 00000cam a2200000 a 4500
001 in00000028257
005 20151007060037.0
008 860915s1987 nyub b 00110 eng
010 |a  86025222  
020 |a 0275924106 (alk. paper) :  |c $29.85 
035 |a (OCoLC)14359172 
035 |9 AAB9954AM 
040 |a DLC  |c DLC  |d TXA  |d UtOrBLW 
043 |a e-ur---  |a n-us---  |a ew----- 
049 |a TXAM  |c [A11535366] 
050 0 0 |a HD9581.S652  |b B58 1987 
082 0 |a 388.5  |2 19 
100 1 |a Blinken, Antony J. 
245 1 0 |a Ally versus ally :  |b America, Europe, and the Siberian pipeline crisis /  |c Antony J. Blinken. 
264 1 |a New York :  |b Praeger,  |c 1987. 
300 |a ix, 193 pages :  |b map ;  |c 25 cm. 
336 |a text  |b txt  |2 rdacontent 
337 |a unmediated  |b n  |2 rdamedia 
338 |a volume  |b nc  |2 rdacarrier 
504 |a Bibliography: pages 159-183. 
500 |a Includes index. 
650 0 |a Gas industry  |x Political aspects  |z Soviet Union. 
650 0 |a Gas industry  |x Political aspects  |z Europe. 
650 0 |a Natural gas pipelines  |z Soviet Union. 
650 0 |a Natural gas  |z Europe  |x Pipe lines. 
651 0 |a Soviet Union  |x Foreign economic relations  |z Europe. 
651 0 |a Europe  |x Foreign economic relations  |z Soviet Union. 
651 0 |a United States  |x Foreign relations  |z Europe. 
651 0 |a Europe  |x Foreign relations  |z United States. 
999 |a MARS 
999 f f |s 3d790ed1-b46d-3717-858b-8ea7ebb95d8b  |i 964e2d29-942c-3c75-88ee-4948c46acf09  |t 0 
952 f f |p ric  |a Texas A&M University  |b Rellis Campus  |c Joint Library Facility  |d Remote Storage  |t 0  |e HD9581.S652 B58 1987  |h Library of Congress classification  |i unmediated -- volume  |m A14811535366 
998 f f |a HD9581.S652 B58 1987  |t 0  |l Remote Storage